LEADER 01684nam a2200337 u 4500 001 000000109188 003 CaOOAMICUS 005 20080123121105.0 008 080123s2006 it u000 u ita u 020 $a88-495-1314-3 040 $aPUL$bita$dBc 245 00$aDiritto ecclesiastico e Corte costituzionale /$ca cura di Raffaele Botta. 260 $aNapoli :$bEdizioni scientifiche italiane,$cc2006. 300 $aviii, 401 p. ;$c25 cm. 490 1 $aCinquanta anni della Corte costituzionale della Repubblica italiana ;$v20. 500 $aSul front.: Associazione dei docenti delle discipline ecclesiasticistiche e canonistiche nelle Università italiane. 504 $aInclude riferimenti bibliografici 610 14$aItalia.$bCorte costituzionale.$0(OLS)http://pul/subject/2393 650 4$aGiurisprudenza costituzionale.$0(OLS)http://pul/subject/20469 650 4$aDiritto ecclesiastico.$0(OLS)http://pul/subject/6 700 1 $aBotta, Raffaele.$0(OLS)http://pul/name/25048 830 0$aCinquanta anni della Corte costituzionale della Repubblica italiana ;$v20.$0(OLS)http://pul/title/135471 850 $aPUL 852 $aPUL$W1$xSL Diritto e Scienze Sociali 3$y79$m342. 45 CORTE 1.20$j124763$av. 20$qDDC 21$B123509$CPULBib$Z2$F123509 $H106193 $82 941 1 $a9 960 $aDiritto e religione$96 960 $aDiritto e religione$96 960 $aCorte costituzionale (Italia)$92393 996 $6020$a88-495-1314-3$9(OLS)http://pul/number/136803 996 $6245$aDiritto ecclesiastico e Corte costituzionale$9(OLS)http://pul/title/137367 996 $6260$aNapoli :$bEdizioni scientifiche italiane$9(OLS)http://pul/publisher/48388 LEADER 01184nam a2200265 a 4500 001 000000158783 003 CaOOAMICUS 005 20170213100449.0 008 170213s1953 it m 001 u ita r 032 $aLibriCat 040 $aPUL$bita 100 1 $aGiordano, Alberto.$0(OLS)http://pul/name/101433 245 13$aIl sacrificio della Messa nel pensiero del Gaetano (1469-1534) /$cauctore Alberto Giordano. 260 $aRoma :$bSagraf,$c1953. 300 $a53 p. ;$c24 cm. 502 $aEstratto da tesi -- Pontificia Universitas Gregoriana. Facultas theologica. 1953. 504 $aBibliografia in nota. 600 14$aCajetan, Tommaso de Vio,$d1469-1534.$0(OLS)http://pul/subject/17201 710 2 $aPontificia Università Gregoriana.$bFacoltà di teologia.$kTesi.$0(OLS)http://pul/name/81592 850 $aPUL 852 $aPUL$W1$xDP1 Tesi Pon. Univ. Gregoriana$y40$mTH PUG 778$j182094$qTesi$B185276$CPULBib$Z2$F185276 $H16760 $82 941 1 $a16 996 $6245$aIl sacrificio della Messa nel pensiero del Gaetano (1469-1534)$9(OLS)http://pul/title/198388 996 $6260$aRoma :$bSagraf$9(OLS)http://pul/publisher/86065